| 000 | 00561nam a2200181 4500 | ||
|---|---|---|---|
| 001 | 121145 | ||
| 003 | ES-MaACL | ||
| 005 | 20230906191710.0 | ||
| 007 | t| | ||
| 008 | 070214s1977 mx r ||||1| spa d | ||
| 100 | 1 |
_aPressat, R. _993788 |
|
| 245 | 1 | 3 |
_aLa práctica de la demografía / _cR. Pressat ; traducción de Jorge Ferreiro Santana. |
| 250 | _a1ª ed. | ||
| 260 |
_aMéxico [etc.] : _bFondo de Cultura Económica, _c1977. |
||
| 300 |
_a368 p. : _bil. ; _c23 cm. |
||
| 700 | 1 |
_aFerreiro Santana, Jorge. _950400 |
|
| 852 |
_aES-MaACL _jA-7946 _bR.96696 |
||
| 999 |
_c121145 _d121145 |
||